000 00534nam a2200193Ia 4500
003 GCL
008 140319s9999 xx 000 0 eng d
040 _aGCL /
_cGCL
082 0 4 _a941,083
_bC F
100 1 _aCONSTANTINE, STEPHEN
245 1 0 _aTHE FIRST WORLD WAR IN BRITAIN HISTORY /
_cCONSTANTINE, STEPHEN
700 1 _aKIRBY, MAURICE W.
700 1 _aROSE, MARY B.
260 _a[S.N] :
_bEDWARD ARNOLD ،
_c1995
650 0 4 _aGREAT BRITAIN
650 0 4 _aWORLD WAR I
650 0 4 _aGREAT BRITAIN - HISTORY
942 _2ddc
_cBK
999 _c13002
_d13002